[Event "Kiel op-B 26th"]
[Site "Kiel"]
[Date "2013.08.02"]
[Round "8"]
[White "Manthey, Rudi"]
[Black "Wallet, Norbert"]
[Result "0-1"]
[WhiteElo "1472"]
[BlackElo "1532"]
[PlyCount "52"]
[EventDate "2013.07.27"]
[EventType "swiss"]
[EventRounds "9"]
[EventCountry "GER"]
[SourceTitle "EXT 2018"]
[Source "ChessBase"]
[SourceDate "2017.10.13"]
[SourceVersion "1"]
[SourceVersionDate "2017.10.13"]
[SourceQuality "1"]

1. d4 Nf6 2. c4 e6 3. Nf3 d5 4. Nc3 c6 5. Qb3 Qc7 6. g3 Nbd7 7. Bf4 Bd6 8. Bxd6 Qxd6 9. c5 Qc7 10. Bg2 0-0 11. 0-0 e5 12. e3 Re8 13. Rfe1 e4 14. Nd2 Nf8 15. Ne2 Ng6 16. Qc2 Bf5 17. b4 Qd7 18. a4 h5 19. Nc3 h4 20. Nf1 hxg3 21. Nxg3 Bg4 22. Kh1 Nh4 23. Nce2 Nxg2 24. Kxg2 Bf3+ 25. Kg1 g5 26. b5 Qh3 0-1

[Event "Kiel op-B 26th"]
[Site "Kiel"]
[Date "2013.07.28"]
[Round "3"]
[White "Feldmann, Wolfgang"]
[Black "Wallet, Norbert"]
[Result "1/2-1/2"]
[WhiteElo "1668"]
[BlackElo "1532"]
[PlyCount "60"]
[EventDate "2013.07.27"]
[EventType "swiss"]
[EventRounds "9"]
[EventCountry "GER"]
[SourceTitle "EXT 2018"]
[Source "ChessBase"]
[SourceDate "2017.10.13"]
[SourceVersion "1"]
[SourceVersionDate "2017.10.13"]
[SourceQuality "1"]

1. c4 Nf6 2. Nc3 c6 3. Nf3 d5 4. cxd5 cxd5 5. d4 Nc6 6. e3 Bg4 7. Be2 e6 8. 0-0 Bd6 9. Re1 0-0 10. a3 a6 11. h3 Bh5 12. Qc2 Rc8 13. Qd1 Re8 14. Nh2 Bg6 15. Bd3 Qc7 16. f4 Bxd3 17. Qxd3 b5 18. Nf3 b4 19. Ne2 a5 20. Ng3 Ne7 21. Ne5 Qc2 22. Qf1 Ne4 23. Nxe4 Qxe4 24. Qd3 Qxd3 25. Nxd3 b3 26. Bd2 Rc2 27. Bxa5 Nf5 28. Rac1 Rec8 29. Rxc2 Rxc2 30. Rc1 Nxe3 1/2-1/2

[Event "Kiel op-B 26th"]
[Site "Kiel"]
[Date "2013.07.27"]
[Round "2"]
[White "Wallet, Norbert"]
[Black "Wenske, Hardy"]
[Result "1/2-1/2"]
[WhiteElo "1532"]
[BlackElo "1779"]
[PlyCount "31"]
[EventDate "2013.07.27"]
[EventType "swiss"]
[EventRounds "9"]
[EventCountry "GER"]
[SourceTitle "EXT 2018"]
[Source "ChessBase"]
[SourceDate "2017.10.13"]
[SourceVersion "1"]
[SourceVersionDate "2017.10.13"]
[SourceQuality "1"]

1. Nf3 d5 2. d4 Nf6 3. e3 Bg4 4. c4 e6 5. Qb3 Qc8 6. Ne5 Bf5 7. Nc3 c6 8. Be2 Be7 9. 0-0 0-0 10. Qd1 Nbd7 11. Nxd7 Qxd7 12. c5 Qc7 13. f4 Be4 14. Bf3 b6 15. Bxe4 dxe4 16. b4 1/2-1/2

[Event "Berlin Eckbauer op 11th"]
[Site "Berlin"]
[Date "2008.09.15"]
[Round "2.29"]
[White "Wallet, Norbert"]
[Black "Lippianowski, Stefan"]
[Result "1-0"]
[WhiteElo "1564"]
[BlackElo "967"]
[PlyCount "63"]
[EventDate "2008.09.08"]
[EventType "swiss"]
[EventRounds "6"]
[EventCountry "GER"]
[SourceTitle "EXT 2022"]
[Source "ChessBase"]
[SourceDate "2021.10.06"]
[SourceVersion "1"]
[SourceVersionDate "2021.10.06"]
[SourceQuality "1"]

1. c4 e5 2. Nc3 Nf6 3. g3 Bc5 4. e3 Nc6 5. Bg2 d6 6. Nge2 Bf5 7. d3 d5 8. cxd5 Nb4 9. e4 Ng4 10. 0-0 Bd7 11. d4 exd4 12. Na4 b6 13. a3 d3 14. Nxc5 Nc2 15. Nxd3 Nxa1 16. Bd2 Bb5 17. Ndf4 Qf6 18. Qxa1 Qh6 19. h3 Ne5 20. Qc1 c5 21. Ne6 Nd3 22. Nc7+ Ke7 23. Bxh6 Nxc1 24. Rxc1 Bxe2 25. Nxa8 Rxa8 26. Bxg7 Bd3 27. e5 Kd7 28. Bf3 Rg8 29. Bf6 Ba6 30. Bg4+ Ke8 31. Bh5 Bc8 32. e6 1-0